Syndróm vyhorenia v práci manažéra
Charakteristika syndrómu vyhorenia. Tri štádiá stresu. Symptómy syndrómu vyhorenia. Fázy syndrómu vyhorenia. Rizikové faktory syndrómu vyhorenia na pracovisku. Prevencia vyhorenia.
Guardado en:
| Autor principal: | |
|---|---|
| Formato: | Capítulo de libro |
| Lenguaje: | eslovaco |
| Materias: | |
| Etiquetas: |
Sin Etiquetas, Sea el primero en etiquetar este registro!
|
MARC
| LEADER | 00000nla$a2200000$$$4500 | ||
|---|---|---|---|
| 001 | 0143189 | ||
| 005 | 20240502072551.8 | ||
| 041 | 0 | |a slo | |
| 044 | |a SK | ||
| 245 | 1 | 0 | |a Syndróm vyhorenia v práci manažéra |c Zuzana Skorková |
| 520 | |a Charakteristika syndrómu vyhorenia. Tri štádiá stresu. Symptómy syndrómu vyhorenia. Fázy syndrómu vyhorenia. Rizikové faktory syndrómu vyhorenia na pracovisku. Prevencia vyhorenia. | ||
| 610 | 2 | 0 | |a manažéri |
| 610 | 2 | 0 | |a práca |
| 610 | 2 | 0 | |a čas pracovný |
| 610 | 2 | 0 | |a stresy |
| 610 | 2 | 0 | |a správanie |
| 610 | 2 | 0 | |a kolektív pracovný |
| 610 | 2 | 0 | |a manažment času |
| 610 | 2 | 0 | |a mobbing |
| 610 | 2 | 0 | |a dovolenka |
| 100 | 1 | |a Skorková, Zuzana, 1979- | |